| 000 | 01194nam a2200265 a 4500 | ||
|---|---|---|---|
| 001 | BRCA_2253 | ||
| 005 | 20190320203731.0 | ||
| 008 | 911010s1991 sp-a---##b---#000-0deng-d | ||
| 020 | _a8445301829 | ||
| 040 |
_aMiEM _cMiEM _dPPiU |
||
| 041 | _aspa | ||
| 050 | 4 |
_aNA5811.52 _b.G28 1991 |
|
| 245 | 1 | 0 |
_aGalicia no tempo _bMonasterio de San Martiño Pinario : Santiago de Compostela : Arcebispado de Santiago. |
| 260 |
_aSantiago de Compostela, España _bXunta de Galicia : Consellería de Cultura e Xuventude : Dirección Xeral do Patrimonio Histórico e Documental _c1991 |
||
| 300 |
_a451 p. _bil. (algunas a color) _c30 cm. |
||
| 500 | _aCatálogo de la exposición realizada en la iglesia y en el monasterio de San Martiño Pinario, (Santiago de Compostela, España), del 01 de marzo al 31 de mayo de 1991 | ||
| 500 | _aIncluye biografía de artístas | ||
| 504 | _aBibliografía: p. 429-445. | ||
| 650 | 1 | 4 |
_aArte cristiano y simbolismo _xExposiciones _zEspaña _96763 |
| 650 | 1 | 4 |
_aArte español _xExposiciones _zEspaña _96764 |
| 650 | 1 | 4 |
_aArte Romano _xExposiciones _zEspaña _96765 |
| 650 | 1 | 4 |
_aArte _xExposiciones _zEspaña _96766 |
| 651 | 4 |
_aGalicia (España) _96767 |
|
| 942 |
_2lcc _cB |
||
| 999 |
_c2002 _d2002 |
||